02166cam a2200337 a 4500999001700000001000900017003000900026005001700035008004100052020002400093040003800117082002400155100004000179245005100219250002000270264007300290300004600363336002600409337002800435338002700463500002400490504005100514520094800565650004201513650004001555651001001595653002201605655001701627942002801644952015601672 c19249d1922117853713EG-ScBUE20200206130216.0130815s2014 enka f bd 001 0 eng d a9780415815857 (pbk) aDLCbengerdacDLCdDLCdEG-ScBUE04a808.066302bFRI2221 aFriedmann, Anthony,eauthor.93781910aWriting for visual media /cAnthony Friedmann. aFourth edition. 1aBurlington, MA ;aMilton Park, Abingdon, Oxon ;bFocal Press,c2014. axxiv, 446 pages :billustrations ;c28 cm 2rdacontentatextbtxt 2rdamediaaunmediatedbn 2rdacarrieravolumebnc aIncludes glossary.  aIncludes bibliographical references and index. a"Writing for Visual Media looks at the fundamental problems a writer faces in learning to create content for media that is to be seen rather than read. It takes you from basic concepts to practice through a seven-step method that helps you identify a communications problem, think it through, and find a resolution before beginning to write. Through successive exercises, Writing for Visual Media helps you acquire the basic skills and confidence you need to write effective films, corporate and training videos, documentaries, web sites, PSAs, TV shows, nonlinear media, and other types of visual narratives. You'll explore your visual imagination and try out your powers of invention. The companion web site enriches the content of the printed book with video, audio, and sample scripts. It includes scripts and the video produced from them; visual demonstrations of concepts; and an interactive, illustrated glossary of terms and concepts." 7aMass mediaxAuthorship.2BUEsh937385 7aVisual communication.2BUEsh937792 2BUEsh bCOMAMEcApril2015 vReading book 2ddck808.066302 FRIcBB 00102ddc40708AlahramaMAINbMAINc2NDd2015-04-30epurchaseg372.00h465l0o808.066302 FRIp000038110r2025-07-15 00:00:00v332.00w2015-04-30yBB